Kvalita odborný časopis Slovenskej spoločnosti pre kvalitu

Guardado en:
Detalles Bibliográficos
Formato: Seriadas
Lenguaje:eslovaco
Publicado: Žilina MASM 2002
Materias:
Etiquetas: Agregar Etiqueta
Sin Etiquetas, Sea el primero en etiquetar este registro!

MARC

LEADER 00000nas2a2200000 4500
001 0039314
005 20060302093959.4
022 |a 1335-9231 
041 0 |a slo 
044 |a SK 
245 1 0 |a Kvalita  |b odborný časopis Slovenskej spoločnosti pre kvalitu 
264 1 |a Žilina  |b MASM  |c 2002 
773 0 |w eu_un_cat*s122907 
610 2 0 |a kvalita 
610 2 0 |a riadenie kvality 
610 2 0 |a SRA 
610 2 0 |a TQM